| 000 | 00761nam a2200181 i 4500 | ||
|---|---|---|---|
| 001 | 53454 | ||
| 003 | ES-MaACL | ||
| 005 | 20230906162753.0 | ||
| 007 | t| | ||
| 008 | 950927s1878 sp abf ||||1| spa d | ||
| 040 |
_aCAM _bspa _cCAM |
||
| 245 | 0 | 0 |
_aEstudio sobre la Exposición Vinícola Nacional de 1877 _b: publicado en cumplimiento del real decreto de 15 de septiembre de 1876, siendo Ministro de Fomento el Excmo. Sr. Conde de Toreno. |
| 260 |
_aMadrid : _b[s.n.], _c1878 ( _fImp. y fundición de Manuel Tello) |
||
| 300 |
_aVII, 1228 p., [9] h. de map., [1] h. de plan, [4] h. de lám. ; _c36 cm. |
||
| 650 | 4 |
_aIndustria vitivinícola- _zEspaña. _9170300 |
|
| 711 | 2 |
_aExposición Nacional Vinícola ( _d1877. _cMadrid) _9708 |
|
| 852 |
_aES-MaACL _jG-1947 |
||
| 999 |
_c53454 _d53454 |
||